00573pab a2200181 454500008004000000100002300040245009300063260000900156300001400165362001200179650003600191650003500227650005100262650002600313700001500339700001700354773002000371180718b2009 xxu||||| |||| 00| 0 eng d aRani, J. Sriviraja aSchool participation of girls of Jatapu tribe in Vizianagaram district of Andhra Pradesh c2009 ap.176-92. aJan-Dec atribes - India - Andhra Pradesh aGirls - India - Andhra pradesh aStudent participation - India - Andhra Pradesh aStudent participation aSekhar, K. aBabavali, N. aIASSI Quarterly